00504nam a2200193 a 4500001001300000003000900013005001700022008004100039020001000080082001600090100002800106245002000134260005400154300000800208500003500216505001000251650002100261700002800282nice12345678IN_TiNIC20260116011739.0050524s0000 hyda grp 000 0 urd  ac10000a297.4bQAD3 aQadri, Waliullah Jilani aTahzeeb-Un-Nafs aHyderabad bMarkazi Anjuman Taleemus Salat c0000 a31p aincludes index and biblioraphy2 aIndex aSufism-Doctrines1 aQadri, Waliullah Jilani